00962nam a2200277Ia 450000500170000000800410001702000190005808200170007710000170009424500770011125000180018830000510020649000440025753400290030165000440033065000530037465000500042770000270047794200120050426400300051633600270054633700330057333800280060604000350063499900150066920220317001052.0160825s2007 sp a g 000 0 spa  a9788426127601204a560.9 bA43f1 aAlikid1929-14aLos fósiles nos hablan del pasadocAliki ; traducción Herminia Dauer a5a edición  a32 páginas bilustraciones en color c18 cm  aLibros de ciencia para leer y descubrir tFossils tell of long ago142LEMBaFósilesxEnseñanza elemental 142LEMBaAnimales extintos xEnseñanza elemental 142LEMBaPaleontología xEnseñanza elemental1 aDauer, Herminia965225 2ddccBK aBarcelonabJuventudc2007 atextobtxt2rdacontent asin mediaciónbn2rdamedia avolumenbnc2rdacarrier aCO-BoRNBPbspaerdacCO-BoRNBP c5842d5842